| 000 | 00795nam a22002177a 4500 | ||
|---|---|---|---|
| 999 |
_c1533 _d1533 |
||
| 003 | AR-CdUCM | ||
| 008 | 190227b ||||| |||| 00| 0 spa d | ||
| 040 |
_aMUNICIPALIDAD PROVINCIAL DEL CUSCO _cBIBLIOTECA MUNICIPAL DEL CUSCO |
||
| 082 |
_a325 / _bT48 |
||
| 100 |
_aThomas, Brinley _95774 |
||
| 245 | _aMigración internacional y desarrollo económico / | ||
| 260 |
_aParis : _bUneso , _c1961. |
||
| 300 |
_a89 páginas ; _c20 cm. |
||
| 440 |
_aPoblación y cultura _95775 |
||
| 505 | _aLa situación después de la segunda guerra mundial -- Descripción sobre el periodo anterior a 1939... | ||
| 650 |
_aDesarrollo económico. _91696 |
||
| 650 |
_aMigración internacional _95776 |
||
| 650 |
_aMigración y segunda guerra mundial. _95777 |
||
| 942 |
_2ddc _cLIBROS |
||
| 945 |
_awfj _d2019-02-27 |
||